MARC details
| 000 -CABECERA |
| campo de control de longitud fija |
00808cam a2200265 a 4500 |
| 001 - NÚMERO DE CONTROL |
| campo de control |
000007663 |
| 005 - FECHA Y HORA DE LA ÚLTIMA TRANSACCIÓN |
| campo de control |
20240226143822.0 |
| 008 - DATOS DE LONGITUD FIJA--INFORMACIÓN GENERAL |
| campo de control de longitud fija |
950612s1994 sp a 000 f spa d |
| 020 ## - NÚMERO INTERNACIONAL ESTÁNDAR DEL LIBRO |
| Número Internacional Estándar del Libro |
843761287x |
| 040 ## - FUENTE DE LA CATALOGACIÓN |
| Centro catalogador/agencia de origen |
DO-SdBNP |
| Centro/agencia transcriptor |
DLC |
| 082 ## - NÚMERO DE LA CLASIFICACIÓN DECIMAL DEWEY |
| Número de clasificación |
863.64 |
| Número de documento/Ítem |
C174e |
| 049 ## - FONDOS LOCALES (OCLC) |
| Fondos de biblioteca |
BNGR |
| 100 1# - ENTRADA PRINCIPAL--NOMBRE DE PERSONA |
| Nombre de persona |
Camba, Julio, |
| Fechas asociadas al nombre |
1882-1962 |
| 9 (RLIN) |
3094 |
| 245 10 - MENCIÓN DE TÍTULO |
| Título |
Esto, lo otro y lo de más allá / |
| Mención de responsabilidad, etc. |
Julio Camba ; edición de Mario Parajón. |
| 260 ## - PUBLICACIÓN, DISTRIBUCIÓN, ETC. |
| Lugar de publicación, distribución, etc. |
Madrid : |
| Nombre del editor, distribuidor, etc. |
Cátedra, |
| Fecha de publicación, distribución, etc. |
1994. |
| 300 ## - DESCRIPCIÓN FÍSICA |
| Extensión |
210 p. : |
| Otras características físicas |
il. ; |
| Dimensiones |
18 cm. |
| 490 1# - MENCIÓN DE SERIE |
| Mención de serie |
Letras hispánicas |
| Designación de volumen o secuencia |
382 |
| 504 ## - NOTA DE BIBLIOGRAFÍA, ETC. |
| Nota de bibliografía, etc. |
Bibliográfias p. 47-49. |
| 650 #4 - PUNTO DE ACCESO ADICIONAL DE MATERIA--TÉRMINO DE MATERIA |
| Término de materia o nombre geográfico como elemento de entrada |
Novela española |
| 9 (RLIN) |
1123 |
| 650 #4 - PUNTO DE ACCESO ADICIONAL DE MATERIA--TÉRMINO DE MATERIA |
| Término de materia o nombre geográfico como elemento de entrada |
Literatura española |
| 9 (RLIN) |
632 |
| 700 1# - PUNTO DE ACCESO ADICIONAL--NOMBRE DE PERSONA |
| Nombre de persona |
Parajón, Mario, |
| Término indicativo de función/relación |
ed. |
| 9 (RLIN) |
21243 |
| 830 #0 - PUNTO DE ACCESO ADICIONAL DE SERIE-TÍTULO UNIFORME |
| Título uniforme |
Letras Hispánicas ; |
| Designación de volumen o secuencia |
382 |
| 9 (RLIN) |
4208 |
| 910 ## - DATOS DE OPCIÓN DEL USUARIO (OCLC) |
| Datos de opción del usuario |
Catalogación por copia / LC |
| 910 ## - DATOS DE OPCIÓN DEL USUARIO (OCLC) |
| Datos de opción del usuario |
WM |